[Event "FRA-chT3 Gr14 0607"]
[Site "France"]
[Date "2007.04.01"]
[Round "9.5"]
[White "Frossard, Guillaume"]
[Black "Griggio, Laurent"]
[Result "0-1"]
[WhiteElo "1820"]
[BlackElo "1880"]
[PlyCount "55"]
[EventDate "2006.10.15"]
[EventType "team-tourn"]
[EventRounds "9"]
[EventCountry "FRA"]
[SourceTitle "EXT 2008"]
[Source "ChessBase"]
[SourceDate "2007.11.25"]
[SourceVersion "1"]
[SourceVersionDate "2007.11.25"]
[SourceQuality "1"]

1. c4 e5 2. Nc3 f5 3. e3 Nf6 4. d4 e4 5. Nge2 Be7 6. Nf4 0-0 7. c5 b6 8. Bc4+ Kh8 9. b4 a5 10. bxa5 bxc5 11. Ncd5 Bd6 12. Nh5 Nxd5 13. Bxd5 c6 14. Bb3 Qxa5+ 15. Bd2 Qa6 16. dxc5 Bxc5 17. Bc3 d5 18. Bxg7+ Kg8 19. Bxf8 Kxf8 20. Qc2 Bb4+ 21. Kd1 c5 22. Bxd5 Qd6 23. Nf4 Ra3 24. Ke2 Ba6+ 25. Bc4 Rc3 26. Qxc3 Bxc3 27. Bxa6 Qxa6+ 28. Kd1 0-1